[Event "22. Torneo San Viator"]
[Site "Madrid ESP"]
[Date "2014.03.23"]
[Round "1.1"]
[White "Elissalt Cardenas, Hector"]
[Black "Cardena Contreras, Javier"]
[Result "1-0"]
[WhiteElo "2369"]
[BlackElo "1946"]
[PlyCount "75"]
[EventDate "2014.03.23"]
[EventType "swiss"]
[EventRounds "9"]
[EventCountry "ESP"]
[SourceTitle "Ajedrez en Madrid"]
[Source "lmi"]
[SourceDate "2014.03.23"]
[SourceVersion "1"]
[SourceVersionDate "2014.07.21"]
[SourceQuality "1"]

1. d4 Nf6 2. Nf3 e6 3. Nbd2 c5 4. e3 d5 5. Be2 Nc6 6. c3 Be7 7. O-O O-O 8. dxc5
Bxc5 9. b4 Bd6 10. a3 e5 11. b5 Ne7 12. Bb2 Ng6 13. c4 Re8 14. cxd5 Nxd5 15.
Ne4 Be6 16. Nxd6 Qxd6 17. e4 Rad8 18. exd5 Bxd5 19. g3 e4 20. Qd4 f6 21. Ne1
Qe6 22. Qe3 Qh3 23. Rd1 Kh8 24. g4 Qxe3 25. fxe3 Bb3 26. Rxd8 Rxd8 27. Bd4 b6
28. Ng2 Rc8 29. Rb1 Bf7 30. h4 Rc2 31. Rb2 Rc1+ 32. Kf2 Nf8 33. Nf4 Ra1 34. Rc2
Rxa3 35. Rc7 Kg8 36. g5 f5 37. Bc4 Bxc4 38. Rxg7+ 1-0

[Event "22. Torneo San Viator"]
[Site "Madrid ESP"]
[Date "2014.03.23"]
[Round "1.2"]
[White "Alonso Abad, Enrique"]
[Black "Renteria, Jorge"]
[Result "0-1"]
[WhiteElo "1917"]
[BlackElo "2299"]
[PlyCount "98"]
[EventDate "2014.03.23"]
[EventType "swiss"]
[EventRounds "9"]
[EventCountry "ESP"]
[SourceTitle "Ajedrez en Madrid"]
[Source "lmi"]
[SourceDate "2014.03.23"]
[SourceVersion "1"]
[SourceVersionDate "2014.07.21"]
[SourceQuality "1"]

1. d4 d6 2. Nf3 Bg4 3. g3 Bxf3 4. exf3 Nf6 5. Bg2 c6 6. O-O g6 7. Re1 Bg7 8. c4
O-O 9. Nc3 Nbd7 10. f4 e6 11. d5 exd5 12. cxd5 c5 13. f5 a6 14. a4 Qc7 15. Bf4
Nh5 16. Bg5 Rfe8 17. fxg6 hxg6 18. Qc2 Nhf6 19. h3 Ne5 20. Bxf6 Bxf6 21. Ne4
Nd7 22. Nxf6+ Nxf6 23. f4 Qa5 24. Qc3 Qxc3 25. bxc3 Rxe1+ 26. Rxe1 b5 27. a5
Kf8 28. Kf2 c4 29. g4 Nd7 30. Be4 Re8 31. h4 Nc5 32. Bc2 Rxe1 33. Kxe1 Nb7 34.
f5 Kg7 35. fxg6 fxg6 36. h5 g5 37. Bf5 Nxa5 38. Bc8 b4 39. Kd1 bxc3 40. Bxa6
Nb3 41. Kc2 Nc5 42. Bc8 Ne4 43. Bf5 Ng3 44. Be6 Ne2 45. Bf5 Nd4+ 46. Kxc3 Nxf5
47. gxf5 g4 48. Kxc4 g3 49. Kb5 g2 0-1

[Event "22. Torneo San Viator"]
[Site "Madrid ESP"]
[Date "2014.03.23"]
[Round "1.3"]
[White "Bermejo Arruego, Luis"]
[Black "Caballero Gallego, Luis"]
[Result "1-0"]
[WhiteElo "2175"]
[BlackElo "1880"]
[PlyCount "49"]
[EventDate "2014.03.23"]
[EventType "swiss"]
[EventRounds "9"]
[EventCountry "ESP"]
[SourceTitle "Ajedrez en Madrid"]
[Source "lmi"]
[SourceDate "2014.03.23"]
[SourceVersion "1"]
[SourceVersionDate "2014.07.21"]
[SourceQuality "1"]

1. d4 Nf6 2. Nf3 g6 3. Nc3 d5 4. Bf4 c6 5. e3 Bg7 6. Be2 O-O 7. Ne5 Nbd7 8. h4
h5 9. Qd2 Nxe5 10. Bxe5 b5 11. f3 b4 12. Na4 a5 13. O-O-O Ba6 14. g4 hxg4 15.
Bxa6 Rxa6 16. Bxf6 Bxf6 17. fxg4 e5 18. g5 Be7 19. dxe5 Qb8 20. e6 Qb5 21.
exf7+ Rxf7 22. b3 Ra8 23. h5 Bxg5 24. hxg6 Rf3 25. Qh2 1-0

[Event "22. Torneo San Viator"]
[Site "Madrid ESP"]
[Date "2014.03.23"]
[Round "1.4"]
[White "Munoz Cebey, Ricardo"]
[Black "Iturbide Arnedo, Oscar"]
[Result "0-1"]
[WhiteElo "1878"]
[BlackElo "2128"]
[PlyCount "106"]
[EventDate "2014.03.23"]
[EventType "swiss"]
[EventRounds "9"]
[EventCountry "ESP"]
[SourceTitle "Ajedrez en Madrid"]
[Source "lmi"]
[SourceDate "2014.03.23"]
[SourceVersion "1"]
[SourceVersionDate "2014.07.21"]
[SourceQuality "1"]

1. c4 g6 2. Nc3 Bg7 3. g3 e5 4. Bg2 Nc6 5. d3 d6 6. Rb1 Be6 7. b4 Qd7 8. b5 Nd8
9. a4 Rc8 10. e4 Ne7 11. Nd5 O-O 12. Ne2 f5 13. O-O fxe4 14. dxe4 b6 15. Bg5
Nxd5 16. cxd5 Bg4 17. f3 Bh3 18. Bxd8 Rcxd8 19. Rc1 Rf7 20. Rc3 Bxg2 21. Kxg2
Ra8 22. Qc2 Bh6 23. Ra3 a6 24. bxa6 Rxa6 25. Rfa1 Ra5 26. Qd3 Rf8 27. Nc3 Rc5
28. Re1 Ra8 29. Rea1 Raa5 30. R3a2 Qd8 31. Kf2 Qa8 32. Kg2 Qc8 33. Rc2 Qd7 34.
Rca2 Qe8 35. Kf2 Qc8 36. Kg2 Qa8 37. Kf2 Kf7 38. Kg2 Ke7 39. Kf2 Kd7 40. Kg2
Bg5 41. Kf2 h5 42. h4 Bh6 43. Ne2 Qa7 44. Kg2 b5 45. Qb3 Qb6 46. axb5 Rcxb5 47.
Qd3 Rxa2 48. Rxa2 Rb1 49. Ra6 Qb2 50. Rc6 Re1 51. Rc2 Qb6 52. Rc6 Qa5 53. Rc1
Bxc1 0-1

[Event "22. Torneo San Viator"]
[Site "Madrid ESP"]
[Date "2014.03.23"]
[Round "1.5"]
[White "Gutierrez Lopez, Carlos"]
[Black "Barahona Torrijos, Angel"]
[Result "1-0"]
[WhiteElo "2115"]
[BlackElo "1870"]
[PlyCount "37"]
[EventDate "2014.03.23"]
[EventType "swiss"]
[EventRounds "9"]
[EventCountry "ESP"]
[SourceTitle "Ajedrez en Madrid"]
[Source "lmi"]
[SourceDate "2014.03.23"]
[SourceVersion "1"]
[SourceVersionDate "2014.07.21"]
[SourceQuality "1"]

1. e4 e5 2. Nf3 Nc6 3. Bb5 a6 4. Ba4 Nf6 5. O-O Be7 6. Re1 b5 7. Bb3 Bb7 8. d3
O-O 9. a4 b4 10. Nbd2 d5 11. exd5 Nxd5 12. Nc4 Nf4 13. Bxf4 exf4 14. Qd2 Nd4
15. Nxd4 Qxd4 16. Rxe7 f3 17. g3 Bd5 18. Qf4 Qc5 19. Rxc7 1-0

[Event "22. Torneo San Viator"]
[Site "Madrid ESP"]
[Date "2014.03.23"]
[Round "1.6"]
[White "Garcia Sanjuan, Jose"]
[Black "Aziz Ortego, Omar Luis"]
[Result "0-1"]
[WhiteElo "1867"]
[BlackElo "2107"]
[PlyCount "74"]
[EventDate "2014.03.23"]
[EventType "swiss"]
[EventRounds "9"]
[EventCountry "ESP"]
[SourceTitle "Ajedrez en Madrid"]
[Source "lmi"]
[SourceDate "2014.03.23"]
[SourceVersion "1"]
[SourceVersionDate "2014.07.21"]
[SourceQuality "1"]

1. b3 e5 2. Bb2 d6 3. g3 f5 4. Bg2 Nf6 5. Nc3 d5 6. Nf3 e4 7. Ng5 d4 8. Nb5 c5
9. O-O Nc6 10. Na3 Be7 11. Nc4 b5 12. Na3 Rb8 13. d3 h6 14. Nh3 O-O 15. c4 dxc3
16. Bc1 Be6 17. Bf4 Rb7 18. Nc2 Rd7 19. Qc1 g5 20. Bxg5 hxg5 21. Qxg5+ Kf7 22.
Nf4 Rg8 23. Qh6 Qf8 24. Qxf8+ Bxf8 25. Ne3 Nd4 26. dxe4 Nxe4 27. f3 Nd2 28.
Rfd1 Bh6 29. Kf2 Bxf4 30. gxf4 Kf6 31. Rac1 b4 32. Rg1 Rh7 33. h3 Rhg7 34. Rce1
a5 35. Nd1 Nc2 36. Bh1 Nxe1 37. Rxg7 Rxg7 0-1

[Event "22. Torneo San Viator"]
[Site "Madrid ESP"]
[Date "2014.03.23"]
[Round "1.7"]
[White "Bolea Jover, Jose"]
[Black "Camarero Izquierdo, Juan Carlo"]
[Result "1-0"]
[WhiteElo "2035"]
[BlackElo "1864"]
[PlyCount "63"]
[EventDate "2014.03.23"]
[EventType "swiss"]
[EventRounds "9"]
[EventCountry "ESP"]
[SourceTitle "Ajedrez en Madrid"]
[Source "lmi"]
[SourceDate "2014.03.23"]
[SourceVersion "1"]
[SourceVersionDate "2014.07.21"]
[SourceQuality "1"]

1. e4 c5 2. c3 Nf6 3. e5 Nd5 4. d4 e6 5. Nf3 cxd4 6. cxd4 Nc6 7. Nc3 Bb4 8. Bd2
Bxc3 9. bxc3 Nde7 10. Bd3 d6 11. Qe2 dxe5 12. Nxe5 Nxe5 13. Qxe5 O-O 14. O-O
Bd7 15. Qe4 f5 16. Qxb7 Bc6 17. Qb3 Rf6 18. f3 Rb8 19. Qa3 Rg6 20. Rae1 h5 21.
Bf4 Rc8 22. Qd6 Bd7 23. c4 Rc6 24. Qa3 a5 25. d5 Rc8 26. Bd6 Nxd5 27. cxd5 exd5
28. Be7 Qb6+ 29. Kh1 Qd4 30. Rd1 Rc3 31. Bxf5 Bxf5 32. Rxd4 1-0

[Event "22. Torneo San Viator"]
[Site "Madrid ESP"]
[Date "2014.03.23"]
[Round "1.8"]
[White "Padin Lazaro, Jose Manuel"]
[Black "Garcia-Ruiz Fuentes, Angel M"]
[Result "1/2-1/2"]
[WhiteElo "1862"]
[BlackElo "2025"]
[PlyCount "87"]
[EventDate "2014.03.23"]
[EventType "swiss"]
[EventRounds "9"]
[EventCountry "ESP"]
[SourceTitle "Ajedrez en Madrid"]
[Source "lmi"]
[SourceDate "2014.03.23"]
[SourceVersion "1"]
[SourceVersionDate "2014.07.21"]
[SourceQuality "1"]

1. e4 c5 2. Nf3 d6 3. d4 cxd4 4. Nxd4 Nf6 5. Nc3 a6 6. Bc4 e6 7. Bb3 Nbd7 8. f4
Nc5 9. e5 Nfd7 10. exd6 Nf6 11. Be3 Bxd6 12. Qf3 Qc7 13. O-O O-O 14. h3 Rb8 15.
Rad1 b5 16. Qc6 Nxb3 17. Qxc7 Bxc7 18. Nxb3 Bb7 19. Nc5 Bb6 20. Bf2 Rfe8 21.
Nxb7 Rxb7 22. Bxb6 Rxb6 23. Rd4 g6 24. Rfd1 b4 25. Ne4 Nd5 26. c4 bxc3 27. bxc3
Kg7 28. g3 Rb2 29. R1d2 Rxd2 30. Rxd2 Rc8 31. Rc2 Rc4 32. Nd6 Rxc3 33. Rb2
Rxg3+ 34. Kf2 Rxh3 35. Rb7 Rh2+ 36. Kg3 Rxa2 37. Nxf7 Ra3+ 38. Kg4 Ne3+ 39. Kg5
Nd5 40. Nd8+ Kg8 41. Nxe6 Re3 42. f5 Re5 43. Kh6 Rxf5 44. Rg7+ 1/2-1/2

[Event "22. Torneo San Viator"]
[Site "Madrid ESP"]
[Date "2014.03.23"]
[Round "1.9"]
[White "Cervino Rossel, Cristobal"]
[Black "Navarro Fernandez, Miguel"]
[Result "1-0"]
[WhiteElo "2018"]
[BlackElo "1851"]
[PlyCount "103"]
[EventDate "2014.03.23"]
[EventType "swiss"]
[EventRounds "9"]
[EventCountry "ESP"]
[SourceTitle "Ajedrez en Madrid"]
[Source "lmi"]
[SourceDate "2014.03.23"]
[SourceVersion "1"]
[SourceVersionDate "2014.07.21"]
[SourceQuality "1"]

1. d4 Nf6 2. Nf3 g6 3. Nc3 d5 4. Bf4 Bg7 5. e3 O-O 6. Be2 Bg4 7. h3 Bxf3 8.
Bxf3 e6 9. Nb5 Na6 10. O-O Qd7 11. Qe2 c6 12. Na3 Ne4 13. Bxe4 dxe4 14. Nc4 Nb4
15. Bd6 Nd5 16. Bxf8 Rxf8 17. f3 exf3 18. Rxf3 b5 19. Nd2 Nxe3 20. Rxe3 Bxd4
21. c3 Bxe3+ 22. Qxe3 Rd8 23. Nf3 Kg7 24. Re1 a5 25. Qd4+ Qxd4+ 26. cxd4 Rd6
27. Rc1 f6 28. Kf2 h5 29. Ke3 Kf7 30. Rc5 Ke7 31. Nd2 f5 32. Nf3 Kf6 33. Ne5 g5
34. Rxc6 Rd5 35. Rc5 Rxc5 36. Nd7+ Ke7 37. Nxc5 a4 38. Nd3 Kd6 39. Ne5 Kd5 40.
Kd3 g4 41. hxg4 hxg4 42. g3 Kd6 43. Ng6 Kd5 44. Nf4+ Kd6 45. b3 e5 46. dxe5+
Kxe5 47. Ke3 Kd6 48. Kd4 axb3 49. axb3 b4 50. Kd3 Ke5 51. Ke3 Kd6 52. Kd4 1-0

[Event "22. Torneo San Viator"]
[Site "Madrid ESP"]
[Date "2014.03.23"]
[Round "1.10"]
[White "Molina Garcia, Francisco J"]
[Black "Andalon Gomez, Carlos J"]
[Result "1/2-1/2"]
[WhiteElo "1849"]
[BlackElo "2000"]
[PlyCount "177"]
[EventDate "2014.03.23"]
[EventType "swiss"]
[EventRounds "9"]
[EventCountry "ESP"]
[SourceTitle "Ajedrez en Madrid"]
[Source "lmi"]
[SourceDate "2014.03.23"]
[SourceVersion "1"]
[SourceVersionDate "2014.07.21"]
[SourceQuality "1"]

1. d4 d5 2. Bf4 Nf6 3. e3 c5 4. c3 Nc6 5. Bd3 Qb6 6. Qb3 c4 7. Qxb6 axb6 8. Bc2
b5 9. Nd2 e6 10. Ngf3 b4 11. O-O Be7 12. h3 O-O 13. e4 dxe4 14. Nxe4 Nd5 15.
Bd2 Bd7 16. Ne5 Nxe5 17. dxe5 Bc6 18. Rfd1 Rfd8 19. cxb4 Nxb4 20. Bxb4 Bxb4 21.
a3 Be7 22. Nd6 Bxd6 23. exd6 Bd5 24. Rd4 Rxd6 25. Rad1 Rb6 26. Be4 Rxb2 27.
Bxd5 exd5 28. Rxd5 g6 29. Rc5 Rxa3 30. Rxc4 Raa2 31. Rf4 Rd2 32. Re1 Kf8 33.
Rc1 Rac2 34. Ra1 Ke7 35. Ra8 Rd7 36. Rb8 Rc1+ 37. Kh2 Rb1 38. Re4+ Kf6 39. Kg3
b5 40. Rb6+ Kg7 41. Re5 Rd3+ 42. Kh2 b4 43. Reb5 b3 44. Rb7 Rb2 45. R5b6 h5 46.
h4 Rxf2 47. Rxb3 Rxb3 48. Rxb3 Rf4 49. Kh3 Kf6 50. Rb5 Ke6 51. Ra5 Re4 52. Rg5
Re5 53. Rg3 Re4 54. Rg5 Re3+ 55. Kh2 Re5 56. Rg3 Re4 57. Kh3 Ke5 58. Rf3 Rf4
59. Ra3 Rd4 60. g3 Rd5 61. Rb3 Kf5 62. Rf3+ Ke6 63. Ra3 Rd4 64. Ra5 Rd5 65. Ra3
f5 66. Ra6+ Rd6 67. Ra5 Kf6 68. Ra8 Ke5 69. Ra5+ Kd4 70. Ra4+ Ke3 71. Ra3+ Kd2
72. Ra2+ Kc3 73. Ra3+ Kb4 74. Ra8 Rd4 75. Ra6 Rg4 76. Rc6 Kb5 77. Rc8 f4 78.
gxf4 Rxf4 79. Rc7 Rf3+ 80. Kg2 Rd3 81. Kh2 Kb6 82. Rc8 Rd6 83. Kg3 Rd4 84. Kh3
Kb5 85. Rc7 Rd3+ 86. Kg2 Kb6 87. Rc8 Kb7 88. Rc5 Kb6 89. Rc8 1/2-1/2

[Event "22. Torneo San Viator"]
[Site "Madrid ESP"]
[Date "2014.03.23"]
[Round "1.11"]
[White "Julian Serra, Rogelio"]
[Black "Morera Rodriguez, Ignacio"]
[Result "0-1"]
[WhiteElo "1991"]
[BlackElo "1843"]
[PlyCount "102"]
[EventDate "2014.03.23"]
[EventType "swiss"]
[EventRounds "9"]
[EventCountry "ESP"]
[SourceTitle "Ajedrez en Madrid"]
[Source "lmi"]
[SourceDate "2014.03.23"]
[SourceVersion "1"]
[SourceVersionDate "2014.07.21"]
[SourceQuality "1"]

1. c4 Nf6 2. g3 g6 3. Bg2 Bg7 4. Nf3 O-O 5. Nc3 d5 6. cxd5 Nxd5 7. Nxd5 Qxd5 8.
O-O Qb5 9. d3 Nc6 10. Qc2 Bg4 11. Be3 Nb4 12. Qxc7 Nd5 13. Qc5 Qxc5 14. Bxc5
Rfc8 15. Ba3 b5 16. Ng5 b4 17. Bxd5 bxa3 18. f3 axb2 19. Rab1 Bd4+ 20. Kg2 Bf5
21. Bxa8 Rxa8 22. Rfd1 h6 23. Ne4 Be6 24. e3 Bxa2 25. exd4 Bxb1 26. Rxb1 Rb8
27. Nd2 a5 28. Nc4 a4 29. Kf2 Rb4 30. Na3 Rb3 31. Nc2 a3 32. Nxa3 Rxa3 33. Ke3
Rb3 34. Kd2 Rb6 35. Kc3 Rf6 36. f4 Rc6+ 37. Kd2 Rb6 38. Kc2 Rc6+ 39. Kxb2 Rb6+
40. Kc2 Rxb1 41. Kxb1 Kg7 42. Kc2 Kf6 43. Kd2 Kf5 44. h3 h5 45. d5 h4 46. g4+
Kxf4 47. Ke2 Ke5 48. Ke3 Kxd5 49. Kf4 Kd4 50. Kg5 Kxd3 51. Kxh4 e5 0-1

[Event "22. Torneo San Viator"]
[Site "Madrid ESP"]
[Date "2014.03.23"]
[Round "1.12"]
[White "Linares Leyva, David"]
[Black "Rosa Ramirez, Victor D"]
[Result "0-1"]
[WhiteElo "1838"]
[BlackElo "1989"]
[PlyCount "82"]
[EventDate "2014.03.23"]
[EventType "swiss"]
[EventRounds "9"]
[EventCountry "ESP"]
[SourceTitle "Ajedrez en Madrid"]
[Source "lmi"]
[SourceDate "2014.03.23"]
[SourceVersion "1"]
[SourceVersionDate "2014.07.21"]
[SourceQuality "1"]

1. Nf3 d5 2. g3 Nf6 3. Bg2 c6 4. O-O g6 5. c4 Bg7 6. d4 O-O 7. Nc3 dxc4 8. Ne5
Be6 9. e4 Nbd7 10. Bf4 Nh5 11. Nxd7 Bxd7 12. Be3 Nf6 13. a4 Ng4 14. Bg5 h6 15.
Bc1 c5 16. dxc5 Ne5 17. Qc2 Nd3 18. Be3 Bg4 19. h3 Be6 20. Rad1 Qc7 21. Nb5 Qe5
22. Bd4 Qb8 23. Bxg7 Kxg7 24. Nd4 Qc8 25. Qc3 Kg8 26. Nxe6 Qxe6 27. b4 Rac8 28.
f4 Qa6 29. Ra1 b5 30. axb5 Qxb5 31. Rfb1 Rb8 32. Ra5 Qxa5 33. bxa5 Rxb1+ 34.
Kh2 Rc1 35. Qd4 Rc2 36. Qe3 Rc8 37. c6 a6 38. Qb6 Ne1 39. c7 Rxg2+ 40. Kh1 Rc2
41. Qb8 Nf3 0-1

[Event "22. Torneo San Viator"]
[Site "Madrid ESP"]
[Date "2014.03.23"]
[Round "1.13"]
[White "Garcia Galeote, Lorenzo"]
[Black "Castillo Sanz, Javier"]
[Result "1-0"]
[WhiteElo "1973"]
[BlackElo "1815"]
[PlyCount "44"]
[EventDate "2014.03.23"]
[EventType "swiss"]
[EventRounds "9"]
[EventCountry "ESP"]
[SourceTitle "Ajedrez en Madrid"]
[Source "lmi"]
[SourceDate "2014.03.23"]
[SourceVersion "1"]
[SourceVersionDate "2014.07.21"]
[SourceQuality "1"]

1. d4 f5 2. Qd3 d6 3. e4 fxe4 4. Qxe4 Nf6 5. Qh4 Bf5 6. c3 Nbd7 7. Be2 e5 8.
Nf3 Be7 9. Qg5 g6 10. dxe5 Ng4 11. Qd2 Ngxe5 12. Nd4 Rf8 13. O-O Nc5 14. b4 Ne4
15. Qe3 Bg5 16. f4 Bh6 17. g4 Qh4 18. gxf5 gxf5 19. Nxf5 Rxf5 20. Qxe4 Rh5 21.
Bxh5+ Qxh5 22. fxe5 O-O-O 1-0

[Event "22. Torneo San Viator"]
[Site "Madrid ESP"]
[Date "2014.03.23"]
[Round "1.14"]
[White "Petru, Lucian Olimpiu"]
[Black "Sotoca Aguado, Jose"]
[Result "0-1"]
[WhiteElo "1805"]
[BlackElo "1964"]
[PlyCount "107"]
[EventDate "2014.03.23"]
[EventType "swiss"]
[EventRounds "9"]
[EventCountry "ESP"]
[SourceTitle "Ajedrez en Madrid"]
[Source "lmi"]
[SourceDate "2014.03.23"]
[SourceVersion "1"]
[SourceVersionDate "2014.07.21"]
[SourceQuality "1"]

1. Nf3 Nf6 2. d3 d5 3. g3 c5 4. Bg2 Nc6 5. Nbd2 e5 6. O-O Be7 7. e4 dxe4 8.
dxe4 O-O 9. c3 Bg4 10. Qe2 Qc7 11. h3 Bh5 12. Nc4 Rad8 13. a4 Rd7 14. Bg5 Rfd8
15. g4 Bg6 16. Nfd2 h6 17. Bxf6 Bxf6 18. Nb3 Ne7 19. a5 Bg5 20. Rfd1 b5 21.
axb6 axb6 22. Rxd7 Rxd7 23. Rd1 Rxd1+ 24. Qxd1 f6 25. Qd6 Qxd6 26. Nxd6 Bf7 27.
c4 Be6 28. Bf1 Nc6 29. Be2 Kf8 30. Kf1 g6 31. Ke1 Ke7 32. Nb5 Nd4 33. N3xd4
exd4 34. Kd1 Bf4 35. Kc2 f5 36. Kd3 Kf6 37. b4 Ke5 38. exf5 gxf5 39. bxc5 bxc5
40. Nc7 Bf7 41. gxf5 Kxf5 42. Bg4+ Ke5 43. Nb5 Bg6+ 44. Ke2 d3+ 45. Kd1 Bf7 46.
Na3 Kd4 47. Nb1 Kxc4 48. Nd2+ Bxd2 49. Kxd2 Kd4 50. Bd1 c4 51. Kc1 c3 52. h4
Bg6 53. Ba4 d2+ 54. Kd1 0-1

[Event "22. Torneo San Viator"]
[Site "Madrid ESP"]
[Date "2014.03.23"]
[Round "1.15"]
[White "Jordana Vargas, Julio"]
[Black "Lizon Martinez, Santiago"]
[Result "1-0"]
[WhiteElo "1948"]
[BlackElo "1804"]
[PlyCount "53"]
[EventDate "2014.03.23"]
[EventType "swiss"]
[EventRounds "9"]
[EventCountry "ESP"]
[SourceTitle "Ajedrez en Madrid"]
[Source "lmi"]
[SourceDate "2014.03.23"]
[SourceVersion "1"]
[SourceVersionDate "2014.07.21"]
[SourceQuality "1"]

1. c4 e5 2. Nc3 Bb4 3. Nf3 Bxc3 4. bxc3 d6 5. g3 Be6 6. d3 Nf6 7. Bg2 Nc6 8.
O-O O-O 9. Rb1 Rb8 10. Ng5 Bd7 11. d4 h6 12. Nf3 Bf5 13. Rb2 Ne4 14. Bd2 Nxd2
15. Rxd2 Qe7 16. Nh4 Bd7 17. Bd5 Na5 18. Ng6 Qf6 19. Nxf8 Rxf8 20. f4 exd4 21.
Rxd4 Nc6 22. Rd3 Bh3 23. Bg2 Be6 24. Bd5 Bh3 25. Re1 h5 26. e4 Re8 27. Qxh5 1-0

[Event "22. Torneo San Viator"]
[Site "Madrid ESP"]
[Date "2014.03.23"]
[Round "1.16"]
[White "Medrano Del Val, Julio"]
[Black "Kremer, Nadine"]
[Result "1-0"]
[WhiteElo "1794"]
[BlackElo "1803"]
[PlyCount "69"]
[EventDate "2014.03.23"]
[EventType "swiss"]
[EventRounds "9"]
[EventCountry "ESP"]
[SourceTitle "Ajedrez en Madrid"]
[Source "lmi"]
[SourceDate "2014.03.23"]
[SourceVersion "1"]
[SourceVersionDate "2014.07.21"]
[SourceQuality "1"]

1. Nf3 Nf6 2. d4 g6 3. g3 Bg7 4. Bg2 d6 5. O-O O-O 6. Nc3 Nbd7 7. e4 e5 8. d5
Nc5 9. Ne1 a5 10. Nd3 Nxd3 11. cxd3 Ne8 12. Be3 c6 13. Qd2 Nc7 14. Rac1 Qe7 15.
Na4 cxd5 16. exd5 Ra6 17. Bb6 Na8 18. Be3 b5 19. Nc3 b4 20. Ne2 Bb7 21. d4 Rd8
22. a3 bxa3 23. bxa3 e4 24. Nc3 f5 25. Rfe1 Qf7 26. Bf1 Rb6 27. Na4 Rb3 28.
Qxa5 Qxd5 29. Qxd5+ Bxd5 30. Nc3 Bf7 31. Nb5 Bf8 32. a4 Rb8 33. a5 R3xb5 34.
Bxb5 Rxb5 35. Rc8 1-0

[Event "22. Torneo San Viator"]
[Site "Madrid ESP"]
[Date "2014.03.23"]
[Round "1.17"]
[White "Villanueva Ortega, Ruben"]
[Black "San Felipe Asis, Raquel"]
[Result "0-1"]
[WhiteElo "1793"]
[BlackElo "1654"]
[PlyCount "66"]
[EventDate "2014.03.23"]
[EventType "swiss"]
[EventRounds "9"]
[EventCountry "ESP"]
[SourceTitle "Ajedrez en Madrid"]
[Source "lmi"]
[SourceDate "2014.03.23"]
[SourceVersion "1"]
[SourceVersionDate "2014.07.21"]
[SourceQuality "1"]

1. e4 d5 2. exd5 Nf6 3. Nf3 Nxd5 4. d4 Nc6 5. c3 Bg4 6. Be2 e6 7. O-O Bd6 8.
Re1 O-O 9. Nbd2 Bxf3 10. Nxf3 Re8 11. Bd3 Nf4 12. Bc2 Qf6 13. g3 e5 14. gxf4
exd4 15. Rxe8+ Rxe8 16. Bxh7+ Kxh7 17. Ng5+ Kg8 18. Qh5 Re1+ 19. Kg2 Bxf4 20.
Bxf4 Rxa1 21. Qh7+ Kf8 22. Qe4 Qd8 23. Qf5 Qe8 24. Bxc7 dxc3 25. Bd6+ Ne7 26.
Qh7 Qc6+ 27. Ne4 Ke8 28. f3 cxb2 29. Qxg7 Rg1+ 30. Kxg1 b1=Q+ 31. Kg2 Qcc2+ 32.
Kh3 Qf1+ 33. Kh4 Nf5+ 0-1

[Event "22. Torneo San Viator"]
[Site "Madrid ESP"]
[Date "2014.03.23"]
[Round "1.18"]
[White "Mosteiro Montoro, Alvaro"]
[Black "Garcia Martin, Juan Manuel"]
[Result "0-1"]
[WhiteElo "1654"]
[BlackElo "1787"]
[PlyCount "100"]
[EventDate "2014.03.23"]
[EventType "swiss"]
[EventRounds "9"]
[EventCountry "ESP"]
[SourceTitle "Ajedrez en Madrid"]
[Source "lmi"]
[SourceDate "2014.03.23"]
[SourceVersion "1"]
[SourceVersionDate "2014.07.21"]
[SourceQuality "1"]

1. d4 Nf6 2. Nf3 d6 3. c4 g6 4. Nc3 Bg7 5. e4 O-O 6. Be2 c5 7. d5 Nbd7 8. O-O
Ng4 9. Qc2 Nge5 10. Nxe5 Nxe5 11. h3 e6 12. f4 Nd7 13. Be3 e5 14. f5 g5 15. Bg4
f6 16. Nb5 Nb6 17. Bd2 a6 18. Nc3 Nxc4 19. Ne2 Nxd2 20. Qxd2 Bd7 21. Ng3 b5 22.
Bh5 Be8 23. Qe2 Bxh5 24. Nxh5 Qe8 25. Qg4 Qf7 26. Rf3 Rfc8 27. h4 h6 28. hxg5
hxg5 29. Rh3 Kf8 30. Ng3 Ke7 31. Kf2 Rh8 32. Rah1 Rxh3 33. gxh3 Rh8 34. h4 Rxh4
35. Rxh4 gxh4 36. Qxh4 Qg8 37. Qg4 Qh7 38. Qh5 Qxh5 39. Nxh5 Bh6 40. Ke2 Bg5
41. b3 Bh4 42. Kd3 Kf7 43. Ke2 Kg8 44. Kf3 Kh7 45. Kg4 Bg5 46. Ng3 c4 47. bxc4
bxc4 48. Kf3 c3 49. Ne2 c2 50. Kg4 Kh6 0-1

[Event "22. Torneo San Viator"]
[Site "Madrid ESP"]
[Date "2014.03.23"]
[Round "1.19"]
[White "Osorio Ramos, Francisco"]
[Black "Charles Soria, Alberto"]
[Result "1-0"]
[WhiteElo "1786"]
[BlackElo "1646"]
[PlyCount "61"]
[EventDate "2014.03.23"]
[EventType "swiss"]
[EventRounds "9"]
[EventCountry "ESP"]
[SourceTitle "Ajedrez en Madrid"]
[Source "lmi"]
[SourceDate "2014.03.23"]
[SourceVersion "1"]
[SourceVersionDate "2014.07.21"]
[SourceQuality "1"]

1. Nf3 Nf6 2. c4 g6 3. d4 Bg7 4. Nc3 O-O 5. e4 d6 6. Be2 e5 7. O-O Nc6 8. d5
Ne7 9. b4 Ne8 10. a4 f5 11. Ng5 Nf6 12. f3 f4 13. c5 c6 14. dxc6 d5 15. cxb7
Bxb7 16. Ne6 Qd7 17. Nxf8 Rxf8 18. Qb3 Kh8 19. Rd1 d4 20. b5 Qc7 21. c6 Bxc6
22. bxc6 dxc3 23. Ba3 Rb8 24. Qxc3 Qb6+ 25. Bc5 Qxc6 26. Qxe5 Re8 27. Bb5 Nxe4
28. Bxc6 Bxe5 29. Bxe8 Nxc5 30. Rab1 Ne6 31. Rb7 1-0

[Event "22. Torneo San Viator"]
[Site "Madrid ESP"]
[Date "2014.03.23"]
[Round "1.20"]
[White "Yaniz Lana, Francisco Javier"]
[Black "Begona Ortiz, Isaac"]
[Result "1-0"]
[WhiteElo "1637"]
[BlackElo "1784"]
[PlyCount "79"]
[EventDate "2014.03.23"]
[EventType "swiss"]
[EventRounds "9"]
[EventCountry "ESP"]
[SourceTitle "Ajedrez en Madrid"]
[Source "lmi"]
[SourceDate "2014.03.23"]
[SourceVersion "1"]
[SourceVersionDate "2014.07.21"]
[SourceQuality "1"]

1. d4 f5 2. Nf3 g6 3. g3 Bg7 4. Bg2 Nf6 5. O-O d6 6. c4 O-O 7. Nc3 Nc6 8. d5
Nb4 9. Be3 a5 10. a3 Na6 11. Qc1 Nc5 12. Ra2 b6 13. Bh6 Rb8 14. Bxg7 Kxg7 15.
Nd4 Bd7 16. Qc2 Re8 17. b4 Na6 18. Rb2 axb4 19. axb4 e5 20. dxe6 Rxe6 21. Nxe6+
Bxe6 22. Qd3 c5 23. bxc5 Nxc5 24. Qd4 Kf7 25. Nb5 Ne8 26. Qh8 Bxc4 27. Qxh7+
Ng7 28. Rd1 d5 29. Nd4 Qf6 30. Rb4 b5 31. Rxc4 bxc4 32. Bxd5+ Ke7 33. Nc6+ Kd6
34. Nxb8 Kc7 35. Qg8 c3 36. Rc1 Qd4 37. Nc6 Qf6 38. Rxc3 Qxc3 39. Qb8+ Kd7 40.
Qd8# 1-0